000 00201 a2200109 4500
020 _a9786071101297
041 _aspa
100 _aIcami Tiba
245 _aQuien ama educa
942 _cBK
952 _71
999 _c22221
_d22221